Filozofia dziejów Ameryki

Na minha lista:
Detalhes bibliográficos
Formato: Livro
Idioma:polonês
espanhol
Publicado em: Warszawa CESLA 1993
Tags: Adicionar Tag
Sem tags, seja o primeiro a adicionar uma tag!

MARC

LEADER 00000nam a2200000 4500
001 c130196
005 20260105114322.7
020 |a 83-85620-15-X 
041 0 |a pol 
041 0 |a spa 
044 |a PL 
245 1 0 |a Filozofia dziejów Ameryki 
264 1 |a Warszawa  |b CESLA  |c 1993 
300 |a 192 s.